000 00684nam a22002537a 4500
003 UA-OsUOA
001 27237
007 ta
008 20040621b un ||||| |||| 00| 0 ukr d
100 _aНемов Р.С.
090 _a159.98(075.8)
_bН50
942 _cBK
040 _aUA-OsUOA
_brus
_cUA-OsUOA
_dUA-OsUOA
245 _aПсихологическое консультирование
_bУчебное пособие для студентов ВУЗов
300 _a528 с.
955 _a0
041 _arus
080 _a159.98(075.8)
020 _a5-691-00268-6
260 _aМосква
_bВладос
_c2001
044 _aRU
650 7 _2UDC
999 _c313581
_d313581